000 00447nam a22001457a 4500
020 _a9788183480895
082 _a028.702 ARI/BS
100 _aArihant
_91366
245 _aBSc Agriculture: Entrance Exams 2012
260 _aNew Delhi
_bArihant Publications
_c2012
300 _a99
500 _aMental Ability Test, Physics, Chemistry, Biology, Mathematics, Agriculture Science
520 _aConducted by Various Indian universities
942 _cBK
999 _c13844
_d13844